Central Library OPAC University of Rajshahi

The mathematical papers of Isaac Newton / (Record no. 9386)

MARC details
000 -LEADER
fixed length control field 00949nam a2200241 a 4500
001 - CONTROL NUMBER
control field 9386
003 - CONTROL NUMBER IDENTIFIER
rucl marc code BD-RjUL
005 - DATE AND TIME OF LATEST TRANSACTION
control field 20211208234753.0
008 - FIXED-LENGTH DATA ELEMENTS--GENERAL INFORMATION
fixed length control field 160828m19681967enkafh b 000 0 eng
035 ## - SYSTEM CONTROL NUMBER
System control number (BD-RjUL)9431
040 ## - CATALOGING SOURCE
Original cataloging agency DLC
Transcribing agency DLC
Modifying agency DLC
-- BD-RjUL
Language of cataloging eng
041 ## - LANGUAGE CODE
Language code of text/sound track or separate title eng
082 00 - DEWEY DECIMAL CLASSIFICATION NUMBER
Classification number 510.8
Author mark and year NEM 1968
Edition number 23
100 1# - MAIN ENTRY--PERSONAL NAME
Personal name Newton, Isaac,
Dates associated with a name 1642-1727.
9 (RLIN) 29078
245 14 - TITLE STATEMENT
Title The mathematical papers of Isaac Newton /
Statement of responsibility, etc. Isaac Newton, edited by D. T. Whiteside with the assistance in publication of M. A. Hoskin.
260 ## - PUBLICATION, DISTRIBUTION, ETC. (IMPRINT)
Place of publication, distribution, etc. Cambridge :
Name of publisher, distributor, etc. Cambridge University Press,
Date of publication, distribution, etc. 1967-68
300 ## - PHYSICAL DESCRIPTION
Pagination 11 Vol. ;
Illustrations ill. ;
Size 29 cm.
505 0# - FORMATTED CONTENTS NOTE
Formatted contents note Vol. 1. 1664-1666.--v. 2. 1667-1670.--v. 3. 1670-1673.--v. 4. 1674-1684.--v. 5. 1683-1684.--v. 6. 1684-1691.--v. 7. 1691-1695.--v. 8. 1697-1722.
650 #0 - SUBJECT ADDED ENTRY--TOPICAL TERM
Topical term or geographic name as entry element Mathematics
Form subdivision Early works to 1800.
9 (RLIN) 29079
Topical term or geographic name as entry element Mathematics.
9 (RLIN) 29080
700 1# - ADDED ENTRY--PERSONAL NAME
Personal name Whiteside, D. T.
Fuller form of name (Derek Thomas),
Relator term ed.
942 ## - ADDED ENTRY ELEMENTS (KOHA)
Source of classification or shelving scheme Dewey Decimal Classification
Koha item type Books
Holdings
Lost status Source of classification or shelving scheme Damaged status Not for loan Collection code Permanent Location Current Location Shelving location Date acquired Source of acquisition Cost, normal purchase price Total Checkouts Full call number Date last seen Copy number Koha item type
  Dewey Decimal Classification   Not For Loan Non-fiction Central Library, University of Rajshahi Central Library, University of Rajshahi Reading Room 16/05/1970 Sweets & Zeitlinger 210.00   510.8 NEM V-2 1968 20/01/2014 C-1 Books
  Dewey Decimal Classification     Non-fiction Central Library, University of Rajshahi Central Library, University of Rajshahi   03/08/1971 Zeitlinger 210.00   510.8 NEM V-2 1968 28/08/2016 C-2 Books
  Dewey Decimal Classification     Non-fiction Central Library, University of Rajshahi Central Library, University of Rajshahi   21/10/1969 Zeitlinger 210.00   510.8 NEM V-1 1967 28/08/2016 C-2 Books
  Dewey Decimal Classification     Non-fiction Central Library, University of Rajshahi Central Library, University of Rajshahi   21/10/1969 Zeetlinger 210.00   510.8 NEM V-3 1968 29/08/2016 C-2 Books